|
|
แสดงรายละเอียดบรรณานุกรม |
|
|
Brief Record
: Get Marc (ISO 2709)
: E-mail record
: |
|
|
| LEADER 01174nam 2200277 a 4500 | |||
| 008 030417s1987 caua sb 001 0 eng | |||
| 020 ^a0155639986 | |||
| 060 ^aQD31.2 P836m 1987 | |||
| 100 ^aPorile, Norbert T. | |||
| 245 ^aModern university chemistry./Norbert T. Porile. | |||
| 260 ^aLondon : ^bHarcourt brace jovanovich,publishers,^c1987. | |||
| 300 ^a965 p.;^bill. | |||
| 999 ^aKey new Using ULIBM easy add form | |||
| คุณยังไม่ได้ล็อกอิน คุณสามารถมีกิจกรรมร่วมกับเว็บไซต์ได้ แต่ต้องล็อกอินก่อน :: |
|
| สถานะ | |||||||||
| 1. | หนังสือทั่วไป | 1987 | On Shelf ขอยืม | ||||||
| [แสดง 1/1 รายการ] | |||||||||
BibComment |
| คอมเมนท์ทรัพยากรรายการนี้ |
|
|